| 000 | 00373 a2200169 4500 | ||
|---|---|---|---|
| 001 | 74502 | ||
| 020 | _a8500321423 | ||
| 040 | _cAnchieta - Colégio São Paulo | ||
| 100 | _aQuintana, Mário | ||
| 240 | 1 | 0 |
_aAntologia Poética _lpor |
| 245 | 1 | 0 | _aAntologia Poética |
| 300 | _a111 | ||
| 362 | 0 | _a1998 | |
| 440 | 1 | _aEdiouro | |
| 650 | 4 | _aPoesia brasileira | |
| 942 | _cBK | ||
| 999 |
_c74502 _d74502 |
||